000 00211nam a22000857a 4500
008 170622b xxu||||| |||| 00| 0 eng d
100 _93633
_aAsh. R
245 _aWorld of facts 2007
260 _aIndia
_bA. B. C. B
_c2006
999 _c7024
_d7024